[Event "Karlstad op"]
[Site "Karlstad"]
[Date "2023.12.30"]
[Round "8"]
[White "Hagevi, Vidar"]
[Black "Silseth, Simon"]
[Result "1-0"]
[WhiteElo "2095"]
[BlackElo "2271"]
[PlyCount "67"]
[EventDate "2023.12.27"]
[EventType "swiss"]
[EventRounds "8"]
[EventCountry "SWE"]
[SourceTitle "CB01_2024"]
[SourceDate "2024.01.03"]
[SourceVersion "1"]
[SourceVersionDate "2024.01.03"]
[SourceQuality "1"]

1. e4 c6 2. d4 d5 3. e5 Bf5 4. Nd2 e6 5. Nb3 Nd7 6. Nf3 Ne7 7. Be2 Bg4 8. 0-0 Nf5 9. Bg5 Be7 10. Bxe7 Qxe7 11. Rc1 0-0 12. Nfd2 Bxe2 13. Qxe2 Qb4 14. c3 Qb5 15. Qe1 h5 16. f4 c5 17. Nf3 Rac8 18. Qf2 Qa4 19. Ra1 Qc4 20. Nh4 Nxh4 21. Qxh4 g6 22. Rf3 cxd4 23. Nxd4 Rfd8 24. Rh3 Kf8 25. g4 Ke8 26. gxh5 Nf8 27. Qf6 gxh5 28. Rf1 Qc5 29. Rxh5 Qe7 30. Qg7 Ng6 31. f5 exf5 32. e6 Nf8 33. Rhxf5 Nxe6 34. Nxe6 1-0

[Event "Karlstad op"]
[Site "Karlstad"]
[Date "2023.12.27"]
[Round "3"]
[White "Seo, Jung Min"]
[Black "Hagevi, Vidar"]
[Result "1-0"]
[WhiteElo "2483"]
[BlackElo "2095"]
[PlyCount "105"]
[EventDate "2023.12.27"]
[EventType "swiss"]
[EventRounds "8"]
[EventCountry "SWE"]
[SourceTitle "CB01_2024"]
[SourceDate "2024.01.03"]
[SourceVersion "1"]
[SourceVersionDate "2024.01.03"]
[SourceQuality "1"]

1. c4 Nf6 2. Nc3 e5 3. Nf3 Nc6 4. g3 d5 5. cxd5 Nxd5 6. Bg2 Nb6 7. b3 Be7 8. Bb2 0-0 9. 0-0 Be6 10. Rc1 f5 11. d3 Bf6 12. Nd2 Qd7 13. Bxc6 bxc6 14. Qc2 Qf7 15. Na4 Nxa4 16. bxa4 Bd7 17. Qc4 Rfe8 18. Qxf7+ Kxf7 19. Rc5 Rab8 20. Bc3 e4 21. dxe4 fxe4 22. Bxf6 gxf6 23. Rd1 Rbd8 24. Nf1 Bg4 25. Re1 Rd4 26. Rxc6 Rxa4 27. Rxc7+ Re7 28. Rc2 Re5 29. Rb1 Rea5 30. Rb7+ Kg6 31. Rcc7 Ra3 32. Rg7+ Kf5 33. Rb2 h5 34. Ne3+ Ke6 35. Nxg4 hxg4 36. Rxg4 f5 37. Rg6+ Ke5 38. e3 Rxa2 39. Rb8 Rc5 40. Re8+ Kd5 41. Rf6 Kc4 42. g4 Kd3 43. Rxf5 Rxf5 44. gxf5 Ra5 45. Rf8 Re5 46. h4 a5 47. Kg2 a4 48. Ra8 Rxf5 49. Rxa4 Ke2 50. Rxe4 Rxf2+ 51. Kg3 Rf8 52. h5 Kd3 53. Re6 1-0

[Event "Gothenburg Kvibergspelen"]
[Site "Gothenburg"]
[Date "2023.09.17"]
[Round "8"]
[White "Lindholm, Gustav"]
[Black "Hagevi, Vidar"]
[Result "1/2-1/2"]
[WhiteElo "2102"]
[BlackElo "2037"]
[PlyCount "96"]
[EventDate "2023.09.15"]
[EventType "swiss"]
[EventRounds "8"]
[EventCountry "SWE"]
[SourceTitle "EXT 2024"]
[Source "ChessBase"]
[SourceDate "2023.10.10"]
[SourceVersion "1"]
[SourceVersionDate "2023.10.10"]
[SourceQuality "1"]

1. d4 Nf6 2. c4 e6 3. Nf3 d5 4. Nc3 dxc4 5. e4 b5 6. Bg5 a6 7. a4 b4 8. Na2 h6 9. Bxf6 Qxf6 10. Bxc4 Bb7 11. Qe2 c5 12. dxc5 Bxc5 13. Nc1 0-0 14. Nb3 Bb6 15. 0-0 Nc6 16. Rad1 Ne5 17. Nxe5 Qxe5 18. Rfe1 a5 19. Nc1 Rfd8 20. Nd3 Qg5 21. b3 Rd4 22. Qf3 Rad8 23. Nb2 Rxd1 24. Nxd1 Qd2 25. Kf1 Qc2 26. Ne3 Qxe4 27. Qxe4 Bxe4 28. Rd1 Rxd1+ 29. Nxd1 Bc2 30. Nb2 g5 31. f3 Kg7 32. Nd3 Kf6 33. Ke2 h5 34. Kd2 Bxd3 35. Kxd3 Ke5 36. h3 Kf4 37. Ke2 Bc5 38. Bb5 h4 39. Bc4 Bb6 40. Bb5 f5 41. Bc4 e5 42. Bd5 e4 43. fxe4 fxe4 44. Be6 Kg3 45. Kf1 Bc5 46. Bg4 e3 47. Bf3 Bb6 48. Bg4 Bc5 1/2-1/2

[Event "Uppsala op"]
[Site "Uppsala"]
[Date "2023.08.13"]
[Round "7"]
[White "Hagevi, Vidar"]
[Black "Kicin, Almir"]
[Result "1-0"]
[WhiteElo "2026"]
[BlackElo "2108"]
[PlyCount "134"]
[EventDate "2023.08.07"]
[EventType "swiss"]
[EventRounds "7"]
[EventCountry "SWE"]
[SourceTitle "CBM 215 Extra"]
[Source "ChessBase"]
[SourceDate "2023.09.30"]
[SourceVersion "1"]
[SourceVersionDate "2023.09.30"]
[SourceQuality "1"]

1. e4 c5 2. Nc3 Nc6 3. g3 g6 4. Bg2 Bg7 5. d3 d6 6. Be3 Nd4 7. Nce2 Nxe2 8. Nxe2 Bxb2 9. Rb1 Bg7 10. Qd2 Nf6 11. h3 Qc7 12. 0-0 0-0 13. f4 Rb8 14. g4 b5 15. f5 b4 16. Bh6 c4 17. Bxg7 Kxg7 18. Nf4 h6 19. fxg6 fxg6 20. Nd5 Qd8 21. dxc4 a5 22. a3 Ba6 23. Qd4 Rc8 24. Nxf6 exf6 25. Qa7+ Qc7 26. Qxa6 Qc5+ 27. Kh1 Rc6 28. axb4 axb4 29. Qb7+ Rf7 30. Qxb4 Qe5 31. Qb5 Rc5 32. Qa6 Ra5 33. Qb6 Ra2 34. Rf2 Ra3 35. Qc6 Qg3 36. Rbf1 Qe5 37. Qd5 Rc3 38. Rb1 Qe7 39. Rb3 Qa7 40. Rxc3 Qxf2 41. Rf3 Qxc2 42. Qxd6 Qxc4 43. e5 fxe5 44. Qxe5+ Kh7 45. Rxf7+ Qxf7 46. Qd5 Qf4 47. Qb7+ Kh8 48. Qc8+ Kg7 49. Qd7+ Kh8 50. Qd3 Kg7 51. Qf3 Qc1+ 52. Kh2 h5 53. Qg3 Qc5 54. g5 Qc2 55. Qe5+ Kh7 56. Qe7+ Kh8 57. Qf6+ Kh7 58. Qf4 Kg7 59. Kg3 Qc3+ 60. Bf3 Qe1+ 61. Kg2 Qe6 62. Qd4+ Kh7 63. Bd5 Qa6 64. Qb2 Qd6 65. Qb7+ Kh8 66. Qc8+ Qd8 67. Qc4 Kg7 1-0

[Event "Uppsala op"]
[Site "Uppsala"]
[Date "2023.08.11"]
[Round "5"]
[White "Karde, Douglas"]
[Black "Hagevi, Vidar"]
[Result "0-1"]
[WhiteElo "1750"]
[BlackElo "2026"]
[PlyCount "58"]
[EventDate "2023.08.07"]
[EventType "swiss"]
[EventRounds "7"]
[EventCountry "SWE"]
[SourceTitle "CBM 215 Extra"]
[Source "ChessBase"]
[SourceDate "2023.09.30"]
[SourceVersion "1"]
[SourceVersionDate "2023.09.30"]
[SourceQuality "1"]

1. e4 e6 2. d4 d5 3. Nc3 Bb4 4. Nge2 dxe4 5. a3 Be7 6. Nxe4 Nf6 7. Nxf6+ Bxf6 8. Be3 0-0 9. g3 Qd5 10. Rg1 Nc6 11. Bg2 Qb5 12. b3 Rd8 13. c4 Qh5 14. Nc3 Qxh2 15. Kf1 Bxd4 16. Bxd4 Qh6 17. Bxc6 bxc6 18. Qf3 Rxd4 19. Qxc6 Bb7 20. Qxb7 Rad8 21. Kg2 Qd2 22. Nb5 Rd3 23. Nxa7 Rxg3+ 24. Kxg3 Qg5+ 25. Kf3 Qf5+ 26. Ke3 Qd3+ 27. Kf4 Rd4+ 28. Ke5 Re4+ 29. Qxe4 Qd6# 0-1

[Event "Reykjavik op"]
[Site "Reykjavik"]
[Date "2023.04.01"]
[Round "5"]
[White "Hagevi, Vidar"]
[Black "Hagen, Andreas"]
[Result "1-0"]
[WhiteElo "2054"]
[BlackElo "1244"]
[PlyCount "42"]
[EventDate "2023.03.29"]
[EventType "swiss"]
[EventRounds "9"]
[EventCountry "ISL"]
[SourceTitle "CBM 213 Extra"]
[Source "ChessBase"]
[SourceDate "2023.05.31"]
[SourceVersion "1"]
[SourceVersionDate "2023.05.31"]
[SourceQuality "1"]

1. d4 e6 2. c4 Nf6 3. g3 d5 4. Bg2 Bb4+ 5. Bd2 Qe7 6. Nf3 0-0 7. 0-0 dxc4 8. a3 Bxd2 9. Nbxd2 b5 10. a4 Bb7 11. axb5 Qb4 12. Qa4 Qxa4 13. Rxa4 a6 14. Rfa1 Nbd7 15. bxa6 Bc6 16. Ra5 Nb6 17. Ne5 Bd5 18. e4 Bxe4 19. Nxe4 Nxe4 20. Bxe4 Rad8 21. Nc6 Ra8 1-0

[Event "Reykjavik op"]
[Site "Reykjavik"]
[Date "2023.03.30"]
[Round "2"]
[White "Song, Julien"]
[Black "Hagevi, Vidar"]
[Result "1-0"]
[WhiteElo "2348"]
[BlackElo "2054"]
[PlyCount "89"]
[EventDate "2023.03.29"]
[EventType "swiss"]
[EventRounds "9"]
[EventCountry "ISL"]
[SourceTitle "CBM 213 Extra"]
[Source "ChessBase"]
[SourceDate "2023.05.31"]
[SourceVersion "1"]
[SourceVersionDate "2023.05.31"]
[SourceQuality "1"]

1. d4 Nf6 2. c4 e6 3. Nf3 d5 4. g3 dxc4 5. Bg2 c5 6. 0-0 Nc6 7. Ne5 Bd7 8. Nxc4 cxd4 9. Bf4 Be7 10. Nd6+ Kf8 11. Nxb7 Qb6 12. Nd6 Rd8 13. Nc4 Qa6 14. Nba3 Bxa3 15. Nxa3 e5 16. Bg5 Rc8 17. Rc1 Be6 18. Bxf6 gxf6 19. f4 Ne7 20. fxe5 fxe5 21. Qd2 Rxc1 22. Rxc1 Kg7 23. Rc7 Ng6 24. h4 h5 25. Be4 Rc8 26. Bb7 Qb6 27. Bxc8 Qxc7 28. Bxe6 fxe6 29. Kh2 Qc5 30. Nc2 Ne7 31. Qg5+ Ng6 32. Ne1 Qc4 33. Qxh5 Qc1 34. Nd3 Qd2 35. Qg4 Kf8 36. h5 Ne7 37. Qf3+ Ke8 38. Nxe5 Nf5 39. g4 d3 40. Nxd3 Nh4 41. Qf2 Qg5 42. Kh3 Nf5 43. gxf5 Qxh5+ 44. Kg2 Qg4+ 45. Kf1 1-0

[Event "Uppsala Young Champions 9th"]
[Site "Uppsala"]
[Date "2022.10.28"]
[Round "1"]
[White "Hagevi, Vidar"]
[Black "Sorensen, Hampus"]
[Result "0-1"]
[WhiteElo "1922"]
[BlackElo "2420"]
[PlyCount "98"]
[EventDate "2022.10.28"]
[EventType "swiss"]
[EventRounds "9"]
[EventCountry "SWE"]
[SourceTitle "EXT 2024"]
[Source "ChessBase"]
[SourceDate "2023.10.10"]
[SourceVersion "1"]
[SourceVersionDate "2023.10.10"]
[SourceQuality "1"]

1. e4 c5 2. Nc3 Nc6 3. g3 g6 4. Bg2 Bg7 5. d3 e6 6. Be3 d6 7. Qd2 Rb8 8. Nge2 b5 9. 0-0 Nd4 10. Nc1 Ne7 11. Nd1 0-0 12. c3 Ndc6 13. Bh6 e5 14. Bxg7 Kxg7 15. Ne3 a5 16. Ne2 b4 17. f4 Qb6 18. f5 f6 19. fxg6 hxg6 20. Nc4 Qc7 21. Rf2 Be6 22. Raf1 a4 23. h4 a3 24. b3 Qd7 25. Ne3 Rbd8 26. Nd5 bxc3 27. Nexc3 Bxd5 28. exd5 Nd4 29. Kh2 f5 30. Qg5 Rh8 31. g4 Rdf8 32. h5 Rh6 33. Kg1 Kh7 34. Qh4 gxh5 35. gxh5 Kh8 36. Qg5 Ng8 37. Bh3 Qh7 38. Bxf5 Rxh5 39. Bxh7 Rxg5+ 40. Kh2 Rxf2+ 41. Rxf2 Kxh7 42. Ne4 Rg6 43. Rf7+ Kh8 44. Ra7 Nf6 45. Nxd6 Ng4+ 46. Kh3 Nf2+ 47. Kh4 Nf3+ 48. Kh5 Rg5+ 49. Kh6 Ng4# 0-1